Mechanics of materials (Record no. 6027)

000 -LEADER
fixed length control field 00600nam a2200229 i 4500
001 - CONTROL NUMBER
control field 6027
003 - CONTROL NUMBER IDENTIFIER
control field BD-DhUET
008 - FIXED-LENGTH DATA ELEMENTS--GENERAL INFORMATION
fixed length control field 770505s1978 nyua 001 0 eng
040 ## - CATALOGING SOURCE
Original cataloging agency DLC
Transcribing agency DLC
Modifying agency BD-DhUET
082 00 - DEWEY DECIMAL CLASSIFICATION NUMBER
Classification number 620.11
Item number HIG/1978
100 ## - MAIN ENTRY--PERSONAL NAME
Personal name Higdon, Archie
245 00 - TITLE STATEMENT
Title Mechanics of materials
250 ## - EDITION STATEMENT
Edition statement 3rd ed.
260 ## - PUBLICATION, DISTRIBUTION, ETC. (IMPRINT)
Place of publication, distribution, etc. New York
Name of publisher, distributor, etc. John Wiley and Sons
Date of publication, distribution, etc. 1978
300 ## - PHYSICAL DESCRIPTION
Extent xiv, 752 p.
Other physical details ill.
Dimensions 24 cm.
504 ## - BIBLIOGRAPHY, ETC. NOTE
Bibliography, etc Includes bibliographies
650 #0 - SUBJECT ADDED ENTRY--TOPICAL TERM
Topical term or geographic name as entry element Strength of materials
700 ## - ADDED ENTRY--PERSONAL NAME
Personal name Ohlsen, Wdward H.
700 ## - ADDED ENTRY--PERSONAL NAME
Personal name Stiles , William B.
700 ## - ADDED ENTRY--PERSONAL NAME
Personal name Weese, John A.
942 ## - ADDED ENTRY ELEMENTS (KOHA)
Koha item type General Book
Holdings
Source of classification or shelving scheme Koha date last seen Koha normalized classification for sorting Damaged status Koha renewals Not for loan Sublocation or collection (holding branch) Location (home branch) Piece designation (barcode) Shelving location Date acquired Koha date last borrowed Copy number Lost status Koha full call number Price effective from Koha collection Koha issues (times borrowed) Withdrawn status Koha item type
 2014-11-29620_110000000000000_HIG_1978   Central Library, BUETCentral Library, BUET61731Circulation section2014-11-29 7 620.11/HIG/19782014-11-29   General Book
 2014-12-02620_110000000000000_HIG_1978   Central Library, BUETCentral Library, BUET61725Circulation section2014-12-02 2 620.11/HIG/19782014-12-02   General Book
 2014-12-02620_110000000000000_HIG_1978   Central Library, BUETCentral Library, BUET61733Circulation section2014-12-02 3 620.11/HIG/19782014-12-02   General Book
 2024-02-13620_000000000000000_11HIG1978 1 Central Library, BUETCentral Library, BUET61727Circulation section2014-12-022019-02-274 620.11/HIG/19782014-12-02 1 General Book
 2014-12-02620_110000000000000_HIG_1978   Central Library, BUETCentral Library, BUET61726Circulation section2014-12-02 5 620.11/HIG/19782014-12-02   General Book
 2014-12-02620_000000000000000_11HIG1978   Central Library, BUETCentral Library, BUET61728Circulation section2014-12-02 6 620.11/HIG/19782014-12-02   General Book
 2014-12-02620_000000000000000_11HIG1978   Central Library, BUETCentral Library, BUET61730Circulation section2014-12-02 1 620.11/HIG/19782014-12-02   General Book
 2014-12-02620_000000000000000_11HIG1978   Central Library, BUETCentral Library, BUET61732Circulation section2014-12-02 8 620.11/HIG/19782014-12-02   General Book
 2015-01-10620_110000000000000_HIG_1978   Central Library, BUETCentral Library, BUET61729Circulation section2015-01-10 9 620.11/HIG/19782015-01-10   General Book
 2015-01-28620_110000000000000_HIG_1978   Central Library, BUETCentral Library, BUET61734Circulation section2015-01-28 10 620.11/HIG/19782015-01-28Non Fiction  General Book